5-Star Movie Quotes II Quiz Stats

 Plays Quiz Updated Sep 3, 2015

Challenge
Share
Tweet
Embed
Score 0/50 Timer 11:00
4 Plays Today
% Correct
Grease
93.6%
Die Hard
85.2%
Pulp Fiction
83.8%
Mrs. Doubtfire
80%
Saturday Night Fever
78.4%
Good Morning, Vietnam
76.2%
Dead Poets Society
76%
Aladdin
71.1%
The Graduate
71%
Footloose
70.8%
Armageddon
70.4%
The Fugitive
69.9%
Star Wars: Attack of the Clones
69%
The Sixth Sense
65.5%
Apollo 13
64.8%
Tootsie
64.6%
Star Wars IV: A New Hope
63.1%
Rain Man
61.8%
Good Will Hunting
60.9%
Snakes on a Plane
60%
Capote
58.6%
Raiders of the Lost Ark
58.3%
The Incredible Hulk
57.7%
Kramer vs. Kramer
56.7%
Air Force One
53.4%
% Correct
Face|Off
52.7%
The Hunger Games: Catching Fire
52.5%
American History X
51.3%
Midnight Cowboy
51%
Coach Carter
50.6%
Malcolm X
48.9%
Fight Club
46%
Blade Runner
45.7%
The Illusionist
45.2%
Mystic River
43.6%
Doubt
43.4%
The Big Lebowski
42.8%
Training Day
40.3%
Sin City
39.7%
Swordfish
37.7%
The Avengers
33.3%
Jackie Brown
33%
Almost Famous
32.9%
Sleepers
32.4%
Remember the Titans
29.3%
Birdman
28.7%
American Gangster
24.7%
12 Monkeys
24.3%
JFK
23.6%
The Great Debaters
13.2%

You're not logged in!

Compare scores with friends on all Sporcle quizzes.
Join for Free
OR
Log In

You Might Also Like...

Show Comments

Extras

Top Quizzes Today


Score Distribution

Your Account Isn't Verified!

In order to create a playlist on Sporcle, you need to verify the email address you used during registration. Go to your Sporcle Settings to finish the process.

Report this User

Report this user for behavior that violates our Community Guidelines.

Details: